Statistics for Group Theory - Modulo 8 Multiplication Grid (Odd)

Click here to take the quiz!

General Stats

  • This quiz has been taken 5 times
  • The average score is 12 of 16

Answer Stats

HintAnswer% Correct
11
100%
33
100%
3
100%
5
100%
7
100%
55
80%
77
80%
1
60%
1
60%
1
60%
3
60%
3
60%
5
60%
5
60%
7
60%
7
60%

Score Distribution

Percentile by Number Answered

Percent of People with Each Score

Your Score History

You have not taken this quiz